00777nam a2200241Ia 4500003000400000005001700004006001800021007000300039008004100042024001000083037001100093040001800104041001300122100002500135110007900160245013100239260000900370650001500379700003100394700007900425942001200504999001900516OSt20220930084733.0a|||||r|||| 00| 0ta220926b |||||||| |||| 00| 0 eng d a85982 cTheses aCRLcCRLbeng 2engaeng aSwami Gaurav9538341 aUniversity of Delhi. Faculty of Medical Sciences. Department of Physiology 0aEffects of sleep and graded cognitive load on the immediate visual P300 and behavioural performance in healthy male volunteers c2006 aPHYSIOLOGY a Dr. S. Sircar Gu.9538342 aUniversity of Delhi. Faculty of Medical Sciences. Department of Physiology cDIS2CC c877693d877693